000 00512cam a2200169 4500
001 8304
003 OCoLC
005 20250620114500.0
008 010726s2001 enka b 001 0 eng
020 _a9780791435847
020 _a9780791435847
100 _aBoreman, John
245 0 4 _aSubversions of Internationak Order:
_b:studies in the political anthropology of culture.
264 1 _aNew York :
_b"State University of New York Press
300 _a vii 319 pages :
_billustrations ;
_c25 cm
942 _2ddc
_cMAIN
999 _c10406
_d10407